=LDR 00000nam 2200000 4500 =001 INLIS000000000043566 =005 20131008103433 =008 ***********************************ind** =035 ##$$0010-101300000001488 =041 ##$$a ind =082 ##$$a 152.520 3 =090 ##$$a R 152.520 3, Sud k =100 ##$$a Sudarsono =245 ##$$a Kamus konseling, Sudarsono =260 ##$$a 1997 $b Jakarta =300 ##$$a vi, 242 hlm, 24 cm =650 ##$$a Konseling-Kamus =850 ##$$a NBPNMAT